[Event "CCT Chessable Masters Play-In 2025"]
[Site "Online"]
[Date "2025.02.17"]
[Round "8.15"]
[White "Chigaev, Maksim"]
[Black "Yoo, Christopher Woojin"]
[Result "0-1"]
[WhiteElo "2632"]
[BlackElo "2588"]
[PlyCount "88"]
[EventDate "2025.02.13"]
[EventType "swiss"]
[EventCountry "NET"]

1. e4 e5 2. Nf3 Nf6 3. d4 Nxe4 4. dxe5 d5 5. Nbd2 Qd7 6. Nxe4 dxe4 7. Nd4 Nc6 8. Bb5 Bc5 9. Nxc6 bxc6 10. Qxd7+ Bxd7 11. Ba6 Bd4 12. e6 fxe6 13. c3 Bc5 14. Be3 Bxe3 15. fxe3 Rb8 16. O-O-O e5 17. Bc4 Ke7 18. Rhf1 Be6 19. Bxe6 Kxe6 20. Rd2 Rhf8 21. Rdf2 Rf6 22. Kc2 Rbf8 23. Rxf6+ gxf6 24. b4 Rd8 25. g4 Rd3 26. Re1 Kd5 27. Kb3 Rd2 28. h4 Rh2 29. h5 Rg2 30. Rf1 Ke6 31. Kc4 Rxg4 32. Kc5 Rg2 33. Rc1 f5 34. Kxc6 f4 35. Kxc7 f3 36. a4 f2 37. Rf1 Kd5 38. Kb7 Kc4 39. Kxa7 Kd3 40. b5 Ke2 41. Rxf2+ Kxf2 42. c4 Kxe3 43. c5 Kf2 44. c6 e3 0-1

[Event "CCT Chessable Masters Play-In 2025"]
[Site "Online"]
[Date "2025.02.17"]
[Round "8.16"]
[White "Sevian, Samuel"]
[Black "Samadov, Read"]
[Result "1-0"]
[WhiteElo "2692"]
[BlackElo "2501"]
[PlyCount "71"]
[EventDate "2025.02.13"]
[EventType "swiss"]
[EventCountry "NET"]

1. e4 c5 2. Nf3 d6 3. d4 cxd4 4. Nxd4 Nf6 5. Nc3 a6 6. Be3 e5 7. Nb3 Be7 8. f3 Be6 9. Qd2 h5 10. O-O-O Nbd7 11. Kb1 b5 12. Nd5 Bxd5 13. exd5 Nb6 14. Bxb6 Qxb6 15. g3 a5 16. Qd3 Rb8 17. Nd2 h4 18. Bh3 g6 19. f4 hxg3 20. hxg3 exf4 21. gxf4 Kf8 22. Nf3 Qc5 23. Be6 Nh5 24. Rdg1 Bf6 25. Rxg6 Ke7 26. Bxf7 Qb4 27. c3 Qxf4 28. Be6 b4 29. Rg4 bxc3 30. Rxf4 Rxb2+ 31. Ka1 Rh2 32. Nxh2 Nxf4 33. Qc2 Ne2 34. a3 Nd4 35. Qg6 Nxe6 36. dxe6 1-0

[Event "CCT Chessable Masters Play-In 2025"]
[Site "Online"]
[Date "2025.02.17"]
[Round "8.17"]
[White "Dubov, Daniil"]
[Black "Henriquez Villagra, Cristobal"]
[Result "1/2-1/2"]
[WhiteElo "2701"]
[BlackElo "2597"]
[PlyCount "119"]
[EventDate "2025.02.13"]
[EventType "swiss"]
[EventCountry "NET"]

1. Nf3 d5 2. e3 c6 3. b3 Bf5 4. Bb2 e6 5. g3 h6 6. Bg2 Nf6 7. O-O Be7 8. d3 O-O 9. Nbd2 Bh7 10. Qe2 a5 11. a4 Na6 12. Ne5 Nd7 13. Nxd7 Qxd7 14. f4 Nb4 15. Nf3 Bd6 16. g4 f6 17. h4 Rae8 18. g5 e5 19. gxf6 exf4 20. fxg7 Rf7 21. Nh2 Rxe3 22. Ng4 Re6 23. Rae1 Bc5+ 24. Kh1 Be3 25. Rxf4 Rxf4 26. Qxe3 Rxg4 27. Qxe6+ Qxe6 28. Rxe6 Rxh4+ 29. Kg1 d4 30. Bc1 Nxc2 31. Bxh6 Kf7 32. Rd6 Ke7 33. Rg6 Kf7 34. Rd6 Ke7 35. Bg5+ Kxd6 36. Bxh4 Ke6 37. Bd8 Kf7 38. Bf1 Na1 39. Bxa5 Nxb3 40. Bb6 Kxg7 41. Be2 Kf7 42. Bd1 Nc1 43. Bxd4 Nxd3 44. Kf1 Nf4 45. Bg4 Ke7 46. Bc5+ Kd8 47. Bb6+ Ke7 48. Bc5+ Kd8 49. Bd6 Nd5 50. Ke1 b6 51. Kd2 Bg6 52. Be6 Be8 53. Kd3 Bd7 54. Bf7 Kc8 55. Kd4 Kb7 56. Bxd5 cxd5 57. a5 bxa5 58. Kxd5 a4 59. Kd4 a3 60. Bxa3 1/2-1/2

[Event "CCT Chessable Masters Play-In 2025"]
[Site "Online"]
[Date "2025.02.17"]
[Round "8.18"]
[White "Le, Quang Liem"]
[Black "Ma, Qun"]
[Result "0-1"]
[WhiteElo "2739"]
[BlackElo "2645"]
[PlyCount "78"]
[EventDate "2025.02.13"]
[EventType "swiss"]
[EventCountry "NET"]

1. Nf3 d5 2. e3 c5 3. b3 Nf6 4. Bb2 g6 5. c4 dxc4 6. Bxc4 Bg7 7. O-O O-O 8. Qe2 Nc6 9. Rd1 Bd7 10. Nc3 Qa5 11. d4 cxd4 12. Nxd4 Rfd8 13. h3 a6 14. a3 b5 15. b4 Qb6 16. Bb3 Rac8 17. Nf3 Be8 18. e4 e6 19. e5 Nd7 20. Ne4 Ndxe5 21. Nd6 Nxf3+ 22. gxf3 Rxd6 23. Rxd6 Nd4 24. Bxd4 Qxd6 25. Bc5 Qf4 26. Rd1 Be5 27. Qe3 Bc6 28. Qxf4 Bxf4 29. Kg2 Kg7 30. Bd4+ Kh6 31. h4 g5 32. hxg5+ Kxg5 33. Bc2 Bxf3+ 34. Kxf3 Rxc2 35. Rg1+ Kf5 36. Rg7 f6 37. Rxh7 e5 38. Bc5 e4+ 39. Kg2 e3 0-1

[Event "CCT Chessable Masters Play-In 2025"]
[Site "Online"]
[Date "2025.02.17"]
[Round "8.19"]
[White "Tari, Aryan"]
[Black "Svidler, Peter"]
[Result "1/2-1/2"]
[WhiteElo "2621"]
[BlackElo "2696"]
[PlyCount "57"]
[EventDate "2025.02.13"]
[EventType "swiss"]
[EventCountry "NET"]

1. e4 c5 2. Nf3 e6 3. d4 cxd4 4. Nxd4 a6 5. a3 Nf6 6. Nc3 Qc7 7. f4 d6 8. Be3 b5 9. Qf3 Bb7 10. g4 d5 11. e5 Ne4 12. Nxe4 dxe4 13. Qf2 Nd7 14. O-O-O Be7 15. h4 Rc8 16. Kb1 O-O 17. h5 Nb6 18. Bg2 Nd5 19. h6 g6 20. Rhe1 Rfd8 21. Nb3 Bh4 22. Qxh4 Qxc2+ 23. Ka1 Qxb3 24. Bxe4 b4 25. Rd3 Qc4 26. Rd4 Qb3 27. Rd3 Qc4 28. Rd4 Qb3 29. Rd3 1/2-1/2

[Event "CCT Chessable Masters Play-In 2025"]
[Site "Online"]
[Date "2025.02.17"]
[Round "8.20"]
[White "Narayanan S L"]
[Black "Martirosyan, Haik M."]
[Result "1-0"]
[WhiteElo "2622"]
[BlackElo "2645"]
[PlyCount "119"]
[EventDate "2025.02.13"]
[EventType "swiss"]
[EventCountry "NET"]

1. d4 Nf6 2. Nf3 e6 3. Nbd2 d5 4. e3 b6 5. b3 Bb7 6. Bb2 Be7 7. Bd3 Nbd7 8. O-O O-O 9. Qe2 c5 10. Ne5 Nxe5 11. dxe5 Ne4 12. Bxe4 dxe4 13. Rfd1 Qc7 14. Qg4 Qc6 15. Nc4 Rad8 16. Nd6 Rd7 17. Rd2 Rfd8 18. Rad1 Ba8 19. h4 Bf8 20. h5 f5 21. Qg3 b5 22. Bc3 b4 23. Bb2 a5 24. a4 Qa6 25. Kh2 Bd5 26. Nb5 Qc6 27. f3 Rf7 28. Nd6 Bxd6 29. exd6 exf3 30. h6 Qxd6 31. Be5 Qe7 32. gxf3 f4 33. Bxf4 Rdf8 34. Rg1 Qf6 35. hxg7 Re8 36. Qh3 e5 37. Rxd5 exf4 38. e4 Rxg7 39. Rxg7+ Qxg7 40. Qh4 h6 41. Qxf4 c4 42. bxc4 Rf8 43. Qg3 Rc8 44. c5 Kh7 45. Qxg7+ Kxg7 46. Kg3 Kf7 47. f4 Rg8+ 48. Kf3 Rg1 49. c6 Rg6 50. Rc5 Rg8 51. Rxa5 Rc8 52. Rc5 Ke6 53. e5 b3 54. cxb3 Kf5 55. b4 h5 56. b5 h4 57. b6 h3 58. b7 Rg8 59. c7 h2 60. c8=Q+ 1-0

[Event "CCT Chessable Masters Play-In 2025"]
[Site "Online"]
[Date "2025.02.17"]
[Round "8.21"]
[White "Pranav, V."]
[Black "Atabayev, Saparmyrat"]
[Result "1/2-1/2"]
[WhiteElo "2615"]
[BlackElo "2516"]
[PlyCount "128"]
[EventDate "2025.02.13"]
[EventType "swiss"]
[EventCountry "NET"]

1. e4 c5 2. Nf3 d6 3. Bb5+ Nd7 4. O-O Ngf6 5. Re1 a6 6. Bf1 e5 7. c3 Be7 8. d4 O-O 9. dxe5 Nxe5 10. Nxe5 dxe5 11. Qc2 Be6 12. c4 Nd7 13. Nc3 Nb8 14. Nd5 Nc6 15. Be3 Nd4 16. Qd1 Rb8 17. Rc1 Bg5 18. Qd2 Bxe3 19. fxe3 Qg5 20. Qf2 Nc6 21. Bd3 f5 22. exf5 Bxf5 23. Bxf5 Rxf5 24. Qe2 e4 25. Rf1 Rbf8 26. Rxf5 Rxf5 27. Rf1 Rxf1+ 28. Qxf1 Ne5 29. b3 Nd3 30. Nf4 Qd8 31. Nd5 Qg5 32. Nf4 Qd8 33. Nd5 Qd7 34. h3 h5 35. Nf4 h4 36. Ng6 Qf7 37. Nxh4 Qxf1+ 38. Kxf1 Nc1 39. Nf5 Nxa2 40. Nd6 Nc1 41. Nxb7 Nxb3 42. Ke2 a5 43. Kd1 a4 44. Kc2 Kf8 45. Nd6 Na5 46. Nxe4 Nxc4 47. Nxc5 a3 48. Kb3 Nxe3 49. Ne6+ Kf7 50. Nxg7 Kxg7 51. Kxa3 Nxg2 52. h4 Nf4 53. h5 Nh3 54. h6+ Kh7 55. Kb3 Nf2 56. Kc4 Ng4 57. Kd5 Nf6+ 58. Ke6 Ne8 59. Ke5 Nc7 60. Kd6 Nb5+ 61. Kc6 Nc3 62. Kc5 Nb1 63. Kb4 Na3 64. Kxa3 Kxh6 1/2-1/2

[Event "CCT Chessable Masters Play-In 2025"]
[Site "Online"]
[Date "2025.02.17"]
[Round "8.22"]
[White "Aronian, Levon"]
[Black "Aryan Chopra"]
[Result "1-0"]
[WhiteElo "2745"]
[BlackElo "2620"]
[PlyCount "93"]
[EventDate "2025.02.13"]
[EventType "swiss"]
[EventCountry "NET"]

1. e4 c6 2. d4 d5 3. e5 Bf5 4. h4 h5 5. c4 e6 6. Nc3 Ne7 7. Nge2 dxc4 8. Ng3 Bg6 9. Bxc4 Nd7 10. Bg5 Qb6 11. O-O Nf5 12. Nxf5 Bxf5 13. Qd2 Be7 14. Bxe7 Kxe7 15. Rad1 Kf8 16. Bd3 Bxd3 17. Qxd3 Qd8 18. Qg3 Nb6 19. Ne4 Qe7 20. Rd3 g6 21. Rf3 Kg7 22. Rd1 Rad8 23. Rdd3 Nd5 24. Rf6 Kf8 25. Rff3 Kg7 26. a3 b6 27. b4 Rd7 28. Rd2 Qd8 29. Ng5 Qe8 30. Rc2 Rc7 31. Rf6 Kg8 32. b5 Nxf6 33. exf6 Rc8 34. bxc6 Qd8 35. Qe5 Qc7 36. a4 Kf8 37. Ne4 Qxe5 38. dxe5 g5 39. Nd6 Rc7 40. Nb5 Rc8 41. Nxa7 Rc7 42. Nb5 Rc8 43. c7 Ke8 44. Nd6+ Kd7 45. Nxc8 Kxc8 46. hxg5 h4 47. Kh2 1-0

[Event "CCT Chessable Masters Play-In 2025"]
[Site "Online"]
[Date "2025.02.17"]
[Round "8.23"]
[White "Bok, Benjamin"]
[Black "Bharath Subramaniyam H"]
[Result "0-1"]
[WhiteElo "2583"]
[BlackElo "2567"]
[PlyCount "196"]
[EventDate "2025.02.13"]
[EventType "swiss"]
[EventCountry "NET"]

1. d4 Nf6 2. c4 e6 3. Nc3 Bb4 4. Qc2 d5 5. a3 Bxc3+ 6. Qxc3 O-O 7. Bg5 dxc4 8. Qxc4 b6 9. Rd1 Ba6 10. Qa4 Qd7 11. Qc2 Qc6 12. Qxc6 Nxc6 13. Bxf6 gxf6 14. Nf3 Rfd8 15. e3 Bxf1 16. Rxf1 Rac8 17. Rc1 Nb8 18. Ke2 Kf8 19. b4 Ke7 20. g4 c6 21. Rc4 Rc7 22. Rfc1 Rdc8 23. Nd2 h5 24. h3 hxg4 25. hxg4 Rg8 26. Kf3 Rgc8 27. Ne4 Nd7 28. a4 Nb8 29. b5 Rd7 30. Kf4 Rcc7 31. f3 Rd8 32. R1c2 Rd5 33. Kg3 Rd8 34. Nf2 Rdc8 35. Kf4 Kd8 36. Ne4 Ke7 37. Rc1 Rh8 38. Kg3 Rg8 39. Kf4 Rgc8 40. Rh1 cxb5 41. Rxc7+ Rxc7 42. axb5 a5 43. bxa6 Nxa6 44. Rb1 Rc6 45. Rb2 Nc7 46. Nd2 Nd5+ 47. Ke4 b5 48. Rb3 b4 49. Kd3 Rb6 50. Nc4 Rb8 51. e4 Nc3 52. Ne3 Kd6 53. Nc2 Na2 54. Kd2 Kc6 55. Rb2 b3 56. Na1 Rh8 57. Rxb3 Rh2+ 58. Ke3 Kd6 59. Kf4 Nc1 60. Rb6+ Ke7 61. Kg3 Rd2 62. Nb3 Rb2 63. Rb7+ Kf8 64. Nc5 Rd2 65. Nd7+ Kg7 66. e5 fxe5 67. Nxe5 Rxd4 68. Rxf7+ Kg8 69. Rc7 Ne2+ 70. Kh4 Rd5 71. Ng6 Ra5 72. Re7 Nd4 73. Kg3 Rg5 74. Nf4 Nf5+ 75. Kf2 Nxe7 76. Nxe6 Re5 77. Nd4 Rd5 78. Ne2 Kf7 79. Nf4 Ra5 80. Kg3 Ng6 81. Ng2 Ra3 82. Kf2 Kf6 83. Ne3 Nf4 84. Nf5 Kg5 85. Nd6 Ra2+ 86. Ke3 Re2+ 87. Kd4 Rd2+ 88. Ke5 Rd5+ 89. Ke4 Rxd6 90. Ke3 Re6+ 91. Kf2 Re2+ 92. Kf1 Ra2 93. Ke1 Kh4 94. Kd1 Kg3 95. Kc1 Kxf3 96. g5 Rg2 97. g6 Nxg6 98. Kb1 Nf4 0-1

[Event "CCT Chessable Masters Play-In 2025"]
[Site "Online"]
[Date "2025.02.17"]
[Round "8.24"]
[White "Meier, Georg"]
[Black "Anton Guijarro, David"]
[Result "1-0"]
[WhiteElo "2600"]
[BlackElo "2668"]
[PlyCount "113"]
[EventDate "2025.02.13"]
[EventType "swiss"]
[EventCountry "NET"]

1. Nf3 d5 2. g3 c5 3. Bg2 Nc6 4. d4 e6 5. O-O cxd4 6. Nxd4 Bc5 7. Nxc6 bxc6 8. c4 Nf6 9. Qc2 Qe7 10. Nc3 O-O 11. b3 Bb7 12. Bb2 e5 13. Na4 Bd6 14. e3 h5 15. Qf5 Rad8 16. cxd5 cxd5 17. Rac1 Rfe8 18. Rfd1 h4 19. gxh4 Ne4 20. Bxe4 dxe4 21. Qg5 f6 22. Qg6 Ba6 23. Nc3 Qf7 24. Qxf7+ Kxf7 25. Nxe4 Bb8 26. f3 Kg6 27. Ng3 Rxd1+ 28. Rxd1 Rc8 29. Rd2 e4 30. fxe4 Bxg3 31. hxg3 Kh5 32. e5 Kg4 33. exf6 gxf6 34. Kf2 f5 35. a4 Bb7 36. b4 Be4 37. Bd4 Rc4 38. Rb2 a6 39. Be5 Bb7 40. Ke2 Be4 41. Kd2 Kh5 42. b5 Rxa4 43. b6 Bb7 44. Rc2 Rb4 45. Bd4 a5 46. Rc7 Be4 47. Kc3 Rb1 48. Ra7 Rc1+ 49. Kb3 Rb1+ 50. Kc4 Kg4 51. Rg7+ Kf3 52. h5 Rc1+ 53. Kb5 Rh1 54. Kxa5 Rxh5 55. Ka6 Rh6 56. Ka7 Rh8 57. b7 1-0

[Event "CCT Chessable Masters Play-In 2025"]
[Site "Online"]
[Date "2025.02.17"]
[Round "8.25"]
[White "Bluebaum, Matthias"]
[Black "Azarov, Sergei"]
[Result "0-1"]
[WhiteElo "2643"]
[BlackElo "2596"]
[PlyCount "120"]
[EventDate "2025.02.13"]
[EventType "swiss"]
[EventCountry "NET"]

1. d4 d5 2. c4 e6 3. Nc3 Be7 4. cxd5 exd5 5. Bf4 c6 6. e3 Bf5 7. f3 Nd7 8. e4 Be6 9. Bd3 Ngf6 10. Nge2 O-O 11. O-O c5 12. e5 Ne8 13. Be3 g6 14. Rc1 Ng7 15. Nf4 Nxe5 16. dxe5 d4 17. Nxe6 Nxe6 18. Bf2 dxc3 19. bxc3 Qd5 20. Be4 Qxe5 21. Bxb7 Rad8 22. Qe1 Qf6 23. Qe4 Nf4 24. Bg3 Bd6 25. Rfe1 Nd3 26. Bh4 g5 27. Qg4 h6 28. Be4 Nxc1 29. Bf2 Nxa2 30. h4 Nxc3 31. hxg5 hxg5 32. Bc2 Kg7 33. g3 Rfe8 34. Be3 Nd5 35. Bxg5 Qd4+ 36. Qxd4+ cxd4 37. Ra1 Bxg3 38. Bxd8 Rxd8 39. Rxa7 Nf4 40. Bb3 Re8 41. Bc4 Re1+ 42. Bf1 d3 43. Rd7 Rc1 44. Rd8 Kf6 45. Rd7 Ke5 46. Rd8 Nd5 47. Kg2 d2 48. Re8+ Kd4 49. Re4+ Kc5 50. Be2 Nf4+ 51. Kxg3 Nxe2+ 52. Rxe2 d1=Q 53. Re5+ Kd6 54. Re4 Qg1+ 55. Kf4 Rc5 56. Ra4 Qg5+ 57. Ke4 Qe5+ 58. Kd3 Rc3+ 59. Kd2 Qe3+ 60. Kd1 Rc1# 0-1

[Event "CCT Chessable Masters Play-In 2025"]
[Site "Online"]
[Date "2025.02.17"]
[Round "8.26"]
[White "Muradli, Mahammad"]
[Black "Kuzubov, Yuriy"]
[Result "1-0"]
[WhiteElo "2588"]
[BlackElo "2597"]
[PlyCount "105"]
[EventDate "2025.02.13"]
[EventType "swiss"]
[EventCountry "NET"]

1. Nf3 d5 2. c4 d4 3. b4 g5 4. g3 Bg7 5. Qb3 e5 6. d3 h6 7. Bg2 Ne7 8. a4 a5 9. b5 c5 10. bxc6 Nexc6 11. Na3 Na6 12. Nb5 Nc5 13. Qb1 Rb8 14. Ba3 b6 15. Nxg5 hxg5 16. Bxc6+ Kf8 17. Bd5 Kg8 18. Bxc5 bxc5 19. Qa2 Rb6 20. O-O-O g4 21. e4 Rbh6 22. h4 gxh3 23. f4 h2 24. Qf2 exf4 25. gxf4 Qh4 26. Rd2 Qxf2 27. Rxf2 Kf8 28. Kc2 Bd7 29. e5 Rh4 30. Nd6 Bxa4+ 31. Kb2 Rh3 32. Nxf7 R8h4 33. Ng5 Rxd3 34. Ne6+ Ke7 35. Nxc5 Re3 36. Nxa4 d3 37. Nc3 d2 38. Kc2 Rhh3 39. Nd1 Ra3 40. Rhxh2 Ra2+ 41. Kb1 Rha3 42. Rxd2 Ra1+ 43. Kc2 a4 44. Rh7 Kf8 45. Rg2 R3a2+ 46. Nb2 a3 47. Rgxg7 Rxb2+ 48. Kc3 Rc1+ 49. Kd4 Rd2+ 50. Kc5 Rxd5+ 51. Kxd5 a2 52. Ra7 Kg8 53. Rhb7 1-0

[Event "CCT Chessable Masters Play-In 2025"]
[Site "Online"]
[Date "2025.02.17"]
[Round "8.27"]
[White "Ivic, Velimir"]
[Black "Korobov, Anton"]
[Result "1-0"]
[WhiteElo "2622"]
[BlackElo "2627"]
[PlyCount "59"]
[EventDate "2025.02.13"]
[EventType "swiss"]
[EventCountry "NET"]

1. e4 e6 2. d4 d5 3. Nc3 Nf6 4. e5 Nfd7 5. f4 c5 6. Nf3 Be7 7. Be3 b6 8. Qd2 O-O 9. O-O-O Nc6 10. Bb5 Qc7 11. h4 a6 12. Bxc6 Qxc6 13. g4 f5 14. exf6 Bxf6 15. f5 exf5 16. g5 Be7 17. h5 Bb7 18. g6 f4 19. Bxf4 h6 20. Kb1 Rf5 21. Rde1 Bf6 22. Ne2 c4 23. Ng3 c3 24. bxc3 Rxf4 25. Qxf4 Qxc3 26. Re3 Qb4+ 27. Rb3 Qf8 28. Re1 a5 29. Qc7 a4 30. Rbe3 1-0

[Event "CCT Chessable Masters Play-In 2025"]
[Site "Online"]
[Date "2025.02.17"]
[Round "8.28"]
[White "Paravyan, David"]
[Black "Grandelius, Nils"]
[Result "1-0"]
[WhiteElo "2621"]
[BlackElo "2644"]
[PlyCount "81"]
[EventDate "2025.02.13"]
[EventType "swiss"]
[EventCountry "NET"]

1. e4 e5 2. Nf3 Nc6 3. Bc4 Bc5 4. Nc3 d6 5. Na4 h6 6. Nxc5 dxc5 7. Bb5 Nge7 8. Nxe5 Qd4 9. Nxc6 Qxe4+ 10. Qe2 Qxe2+ 11. Kxe2 Bd7 12. Nxa7 Rxa7 13. Bxd7+ Kxd7 14. d3 Nd5 15. Be3 b6 16. a3 f5 17. Rhe1 Ra4 18. Bd2 Rh4 19. h3 Rf8 20. Kf1 g5 21. Re5 Ne7 22. Rae1 Nc6 23. Rd5+ Kc8 24. Re6 Kb7 25. Rd7 Nd4 26. Ree7 Rc8 27. Bc3 Nc6 28. Rg7 b5 29. Rd5 b4 30. Bd2 bxa3 31. bxa3 Ra8 32. g3 Rd4 33. Rxc5 Rxa3 34. Rb5+ Ka6 35. Rxf5 Ra2 36. Be3 Rd6 37. Rxc7 Rxc2 38. Bc5 Re6 39. d4 Kb5 40. Ba7+ Ka6 41. d5 1-0

[Event "CCT Chessable Masters Play-In 2025"]
[Site "Online"]
[Date "2025.02.17"]
[Round "8.29"]
[White "Hakobyan, Aram"]
[Black "Murzin, Volodar"]
[Result "1-0"]
[WhiteElo "2635"]
[BlackElo "2657"]
[PlyCount "109"]
[EventDate "2025.02.13"]
[EventType "swiss"]
[EventCountry "NET"]

1. e4 e5 2. Nf3 Nc6 3. Bc4 Be7 4. d4 d6 5. Nc3 Bg4 6. dxe5 dxe5 7. Qd5 Be6 8. Qxd8+ Rxd8 9. Bb5 f6 10. Bd2 Bc5 11. Na4 Bb6 12. Bxc6+ bxc6 13. b3 Bg4 14. Be3 Bxf3 15. gxf3 Ne7 16. Ke2 Ng6 17. Rad1 Ke7 18. b4 Rxd1 19. Rxd1 Rb8 20. c3 Ke8 21. a3 Nf8 22. Nb2 Ne6 23. Nc4 h5 24. a4 h4 25. Bc1 a6 26. Be3 Bxe3 27. fxe3 c5 28. Rb1 cxb4 29. cxb4 Kd7 30. Na5 Rb6 31. Nc4 Rb8 32. Rb2 Kc8 33. Kd3 Kd7 34. Kc3 Ng5 35. Nd2 Kc6 36. Kd3 Rd8+ 37. Ke2 Kb7 38. Nc4 Rd7 39. Na5+ Kc8 40. Nb3 Rd6 41. Nc5 Rc6 42. f4 Nf7 43. a5 g5 44. Kf3 Nd6 45. fxg5 fxg5 46. Rg2 Nf7 47. Kg4 Rf6 48. Ra2 Rf1 49. Nxa6 Rg1+ 50. Kf5 h3 51. Rc2 Nd6+ 52. Kxe5 Nb5 53. Rc5 g4 54. Rxb5 g3 55. Ke6 1-0

[Event "CCT Chessable Masters Play-In 2025"]
[Site "Online"]
[Date "2025.02.17"]
[Round "8.30"]
[White "Antipov, Mikhail Al."]
[Black "Bologan, Victor"]
[Result "1-0"]
[WhiteElo "2571"]
[BlackElo "2603"]
[PlyCount "115"]
[EventDate "2025.02.13"]
[EventType "swiss"]
[EventCountry "NET"]

1. e4 d6 2. Nf3 Nf6 3. Nc3 e5 4. Bc4 Be7 5. O-O O-O 6. d3 c6 7. a4 Be6 8. Bxe6 fxe6 9. Ne2 h6 10. Ng3 Nbd7 11. c3 d5 12. h3 Bd6 13. Re1 Rf7 14. Be3 Qc7 15. Qc2 Raf8 16. a5 a6 17. c4 Bb4 18. Bd2 Bxd2 19. Nxd2 d4 20. c5 g5 21. b4 h5 22. Nc4 h4 23. Nf1 g4 24. hxg4 Nxg4 25. f3 Ngf6 26. g3 hxg3 27. Nxg3 Rg7 28. Qh2 Rff7 29. Ra2 Rxg3+ 30. Qxg3+ Rg7 31. Qxg7+ Kxg7 32. Rg2+ Kf8 33. Kf2 Nh5 34. Reg1 Ndf6 35. Rg6 Qh7 36. Nxe5 Ke8 37. Rh1 Kd8 38. f4 Qe7 39. Kf3 Kc7 40. Rg5 Kb8 41. Nc4 Qf8 42. Rh4 Ng7 43. Rh7 Nfh5 44. Rhxh5 Nxh5 45. Rxh5 Qg7 46. Rh1 Ka7 47. Nd6 Qg8 48. Rh6 e5 49. fxe5 Qg5 50. Rh8 Qe3+ 51. Kg4 Qe2+ 52. Kf5 Qf3+ 53. Ke6 Qg4+ 54. Kf6 Qf4+ 55. Nf5 Qd2 56. e6 Qxd3 57. e7 Qxe4 58. e8=Q 1-0

[Event "CCT Chessable Masters Play-In 2025"]
[Site "Online"]
[Date "2025.02.17"]
[Round "8.31"]
[White "Suyarov, Mukhammadzokhid"]
[Black "Pranav Anand"]
[Result "1/2-1/2"]
[WhiteElo "2465"]
[BlackElo "2538"]
[PlyCount "129"]
[EventDate "2025.02.13"]
[EventType "swiss"]
[EventCountry "NET"]

1. d4 Nf6 2. Nc3 d5 3. Bf4 e6 4. e3 Bd6 5. Nf3 O-O 6. Bd3 b6 7. Bxd6 cxd6 8. O-O Ba6 9. Rc1 Bb7 10. Re1 Nbd7 11. a4 a6 12. Ne2 g6 13. c3 Rc8 14. Qb3 Qe7 15. Qa3 Rfe8 16. Ng3 e5 17. Bf1 h5 18. h3 Kg7 19. Nh4 Qe6 20. Qxd6 Qxd6 21. Ngf5+ gxf5 22. Nxf5+ Kf8 23. Nxd6 Rc7 24. Nxe8 Nxe8 25. f3 h4 26. Kf2 Nd6 27. Bd3 a5 28. b3 Kg7 29. Rc2 Kf6 30. Rec1 Nf8 31. dxe5+ Kxe5 32. c4 Ne6 33. cxd5 Rxc2+ 34. Bxc2 Bxd5 35. Rd1 Nc5 36. e4 Bxb3 37. Bxb3 Nxb3 38. Rb1 Nc5 39. Rxb6 Nxa4 40. f4+ Ke6 41. Ra6 Nc5 42. Rxa5 Ndxe4+ 43. Kf3 f5 44. Ra8 Nd3 45. Ke3 Ne1 46. Ra2 Ng3 47. Ra6+ Kd5 48. Ra2 Kc4 49. Ra8 Nxg2+ 50. Kf2 Ne2 51. Kxg2 Nxf4+ 52. Kh2 Kd4 53. Rh8 Ke3 54. Rxh4 Nd3 55. Rh6 f4 56. Re6+ Kf3 57. h4 Kg4 58. Rg6+ Kxh4 59. Rg8 Ne5 60. Kg2 Kh5 61. Re8 Ng6 62. Kf3 Kg5 63. Rg8 Kf5 64. Rxg6 Kxg6 65. Kxf4 1/2-1/2

[Event "CCT Chessable Masters Play-In 2025"]
[Site "Online"]
[Date "2025.02.17"]
[Round "8.32"]
[White "Svane, Rasmus"]
[Black "Mikaelyan, Arman"]
[Result "0-1"]
[WhiteElo "2621"]
[BlackElo "2497"]
[PlyCount "140"]
[EventDate "2025.02.13"]
[EventType "swiss"]
[EventCountry "NET"]

1. Nf3 Nf6 2. g3 g6 3. Bg2 Bg7 4. O-O O-O 5. d4 d6 6. Re1 d5 7. c3 a5 8. a4 c5 9. Bf4 Ne4 10. Na3 Nc6 11. Nb5 cxd4 12. cxd4 Qb6 13. Bc7 Qa6 14. Be5 Bxe5 15. Nxe5 Qb6 16. e3 Nxe5 17. dxe5 Be6 18. Qd4 Qxd4 19. exd4 Rfc8 20. Rac1 Rc6 21. Bxe4 dxe4 22. Nc3 Rd8 23. Rxe4 Rc4 24. Rd1 Bf5 25. Rf4 Bc2 26. Rd2 Bxa4 27. Kf1 Bb3 28. Ke2 a4 29. Ke3 a3 30. d5 a2 31. Nxa2 Bxa2 32. Rxc4 Bxc4 33. Ke4 f5+ 34. exf6 exf6 35. Rd4 Re8+ 36. Kf3 Ba6 37. d6 Kf7 38. h4 Rd8 39. h5 gxh5 40. Kf4 Ke6 41. Re4+ Kxd6 42. Re3 Kc5 43. Kf5 Rd6 44. Rc3+ Kb4 45. Rc7 Bd3+ 46. Kf4 b5 47. Rc3 Bg6 48. f3 Rd4+ 49. Ke3 Rc4 50. Ra3 Rc2 51. Ra6 Rxb2 52. Rxf6 Rb1 53. f4 Rf1 54. Ke2 Rg1 55. f5 Rxg3 56. fxg6 hxg6 57. Kf2 Rg4 58. Rc6 Ka3 59. Kf3 b4 60. Ra6+ Kb2 61. Kf2 b3 62. Ke3 h4 63. Ra8 Rg3+ 64. Kf2 g5 65. Rc8 Rc3 66. Rg8 Kc2 67. Rxg5 b2 68. Rg7 b1=Q 69. Rg1 Qxg1+ 70. Ke2 Re3# 0-1

[Event "CCT Chessable Masters Play-In 2025"]
[Site "Online"]
[Date "2025.02.17"]
[Round "8.33"]
[White "Nguyen, Ngoc Truong Son"]
[Black "Rozum, Ivan"]
[Result "1-0"]
[WhiteElo "2632"]
[BlackElo "2443"]
[PlyCount "89"]
[EventDate "2025.02.13"]
[EventType "swiss"]
[EventCountry "NET"]

1. d4 Nf6 2. Nf3 e6 3. g3 d5 4. Bg2 c5 5. O-O Nc6 6. c4 dxc4 7. Na3 cxd4 8. Nxc4 Bc5 9. Bf4 O-O 10. Rc1 Nd5 11. Be5 Nb6 12. Na5 Nxe5 13. Nxe5 Qe7 14. Nb3 Bd6 15. Qxd4 f6 16. Nc4 Nxc4 17. Qxc4 Kh8 18. Rfd1 e5 19. Nc5 Rb8 20. Ne4 Be6 21. Qd3 Bc7 22. Nc5 Rfd8 23. Qa3 Rxd1+ 24. Rxd1 Bb6 25. Nxe6 Qxe6 26. e3 Qf7 27. Bd5 Qc7 28. Be6 Rd8 29. Rxd8+ Qxd8 30. h4 g6 31. Qb4 Kg7 32. Qe4 Qc7 33. g4 Bc5 34. Kg2 Be7 35. Bd5 b6 36. h5 a5 37. Bb3 Qd7 38. Bc2 Qe8 39. g5 Bc5 40. h6+ Kf7 41. Qb7+ Ke6 42. Qxh7 fxg5 43. Bxg6 Qf8 44. Bf5+ Kd6 45. Qd7# 1-0

[Event "CCT Chessable Masters Play-In 2025"]
[Site "Online"]
[Date "2025.02.17"]
[Round "8.34"]
[White "Banusz, Tamas"]
[Black "Abdusattorov, Nodirbek"]
[Result "0-1"]
[WhiteElo "2582"]
[BlackElo "2766"]
[PlyCount "64"]
[EventDate "2025.02.13"]
[EventType "swiss"]
[EventCountry "NET"]

1. d4 Nf6 2. g3 e6 3. Bg2 d5 4. Nf3 Be7 5. O-O O-O 6. b3 a5 7. c4 c6 8. Qc2 b5 9. c5 Nbd7 10. Nbd2 Ba6 11. e4 b4 12. Re1 dxe4 13. Nxe4 Nxe4 14. Qxe4 Bb5 15. Bd2 Nf6 16. Qc2 Nd5 17. Ne5 Bf6 18. h4 Ne7 19. Be3 Nf5 20. Rad1 Nxe3 21. Rxe3 Qc7 22. Be4 h6 23. f4 Rad8 24. g4 Bxe5 25. fxe5 f6 26. Bd3 fxe5 27. Bxb5 exd4 28. Rxe6 cxb5 29. Rd3 Rf4 30. Rg6 Qf7 31. h5 Rf1+ 32. Kg2 Rf8 0-1

[Event "CCT Chessable Masters Play-In 2025"]
[Site "Online"]
[Date "2025.02.17"]
[Round "8.35"]
[White "Madaminov, Mukhiddin"]
[Black "Robson, Ray"]
[Result "0-1"]
[WhiteElo "2521"]
[BlackElo "2689"]
[PlyCount "112"]
[EventDate "2025.02.13"]
[EventType "swiss"]
[EventCountry "NET"]

1. e4 c5 2. Nf3 d6 3. Bb5+ Bd7 4. Bxd7+ Nxd7 5. O-O e6 6. Qe2 Be7 7. b3 Bf6 8. c3 Ne7 9. d4 cxd4 10. cxd4 Nc6 11. Bb2 O-O 12. Na3 d5 13. e5 Be7 14. Nc2 a5 15. a3 Qb6 16. Rab1 Rfc8 17. Ba1 Rc7 18. Rfd1 Rac8 19. Nfe1 Na7 20. g3 g6 21. Kg2 h5 22. h4 Qb5 23. Rd3 a4 24. Qd1 Qa6 25. Rf3 Nb5 26. bxa4 Qxa4 27. Rfb3 Nxa3 28. Nxa3 Bxa3 29. Qf3 Be7 30. Rxb7 Rxb7 31. Rxb7 Rc1 32. Bc3 Qc6 33. Bd2 Rc4 34. Ra7 Rxd4 35. Be3 Nxe5 36. Bxd4 Nxf3 37. Nxf3 Bc5 38. Ne5 Qc8 39. Bxc5 Qxc5 40. Rd7 Qc8 41. Re7 Qd8 42. Rb7 Qf6 43. f4 Qf5 44. Rd7 Kf8 45. Rd8+ Ke7 46. Nc6+ Kf6 47. Ne5 Qc2+ 48. Kh3 Qd1 49. Kg2 Qe2+ 50. Kh3 Qf1+ 51. Kh2 Qf2+ 52. Kh3 Qg1 53. Nf3 Qf1+ 54. Kh2 Qxf3 55. Rd7 d4 56. Kh3 Qh1# 0-1